[Event "HUN-chT 0910"]
[Site "Hungary"]
[Date "2010.03.21"]
[Round "8"]
[White "Horvath, David G"]
[Black "Simai, Mate"]
[Result "1-0"]
[WhiteElo "2174"]
[BlackElo "2105"]
[PlyCount "45"]
[EventDate "2009.11.08"]
[EventType "team-tourn"]
[EventRounds "11"]
[EventCountry "HUN"]
[SourceTitle "EXT 2011"]
[Source "ChessBase"]
[SourceDate "2010.11.26"]
[SourceVersion "1"]
[SourceVersionDate "2010.11.26"]
[SourceQuality "1"]
[WhiteTeam "MLTC"]
[BlackTeam "BEAC"]
[WhiteTeamCountry "HUN"]
[BlackTeamCountry "HUN"]

1. d4 d5 2. c4 c6 3. Nf3 Nf6 4. Nc3 e6 5. Bg5 h6 6. Bh4 Be7 7. e3 dxc4 8. Bxc4 b5 9. Bd3 Nbd7 10. 0-0 Bb7 11. e4 g5 12. Bg3 b4 13. e5 bxc3 14. exf6 Nxf6 15. bxc3 c5 16. Rb1 Bd5 17. dxc5 Bxc5 18. Qa4+ Kf8 19. Ne5 Kg7 20. c4 Be4 21. Bxe4 Nxe4 22. Rb7 Rf8 23. Qc2 1-0

[Event "HUN-chT 0910"]
[Site "Hungary"]
[Date "2010.02.28"]
[Round "7"]
[White "Simai, Mate"]
[Black "Eltigani, Omar"]
[Result "1-0"]
[WhiteElo "2105"]
[BlackElo "2276"]
[PlyCount "103"]
[EventDate "2009.11.08"]
[EventType "team-tourn"]
[EventRounds "11"]
[EventCountry "HUN"]
[SourceTitle "EXT 2011"]
[Source "ChessBase"]
[SourceDate "2010.11.26"]
[SourceVersion "1"]
[SourceVersionDate "2010.11.26"]
[SourceQuality "1"]
[WhiteTeam "BEAC"]
[BlackTeam "Decs"]
[WhiteTeamCountry "HUN"]
[BlackTeamCountry "HUN"]

1. e4 c5 2. Nf3 e6 3. d4 cxd4 4. Nxd4 a6 5. c4 Nf6 6. Nc3 Bb4 7. Qd3 Qc7 8. f3 Nc6 9. a3 Ne5 10. Qc2 Bc5 11. Be3 Nxc4 12. Bxc4 Bxd4 13. Bxd4 Qxc4 14. Qd2 0-0 15. Rc1 Qb3 16. Ne2 d6 17. Rc3 Qb5 18. Bxf6 gxf6 19. Qxd6 Bd7 20. f4 Rac8 21. Rg3+ Kh8 22. Qe7 Qa5+ 23. Kf2 Qb6+ 24. Re3 Qd8 25. Qxd8 Rfxd8 26. Rc3 Bc6 27. Ke3 Rg8 28. Rg1 e5 29. g3 Rcd8 30. Rcc1 Rd7 31. Rcd1 Rgd8 32. Rxd7 Rxd7 33. Nc3 Kg7 34. Rd1 Rxd1 35. Nxd1 Kf8 36. Nc3 Ke7 37. Nd5+ Bxd5 38. exd5 exf4+ 39. gxf4 f5 40. Kd4 Kd6 41. a4 b6 42. b3 f6 43. a5 Kc7 44. b4 Kb7 45. axb6 Kxb6 46. Kc4 Kb7 47. Kc5 Kc7 48. d6+ Kd8 49. Kc6 h6 50. Kb6 Kd7 51. Kxa6 Kxd6 52. b5 1-0

[Event "HUN-chT 0910"]
[Site "Hungary"]
[Date "2009.12.20"]
[Round "4"]
[White "Simai, Mate"]
[Black "Nemeth, Denes"]
[Result "0-1"]
[WhiteElo "2105"]
[BlackElo "2109"]
[PlyCount "54"]
[EventDate "2009.11.08"]
[EventType "team-tourn"]
[EventRounds "11"]
[EventCountry "HUN"]
[SourceTitle "EXT 2011"]
[Source "ChessBase"]
[SourceDate "2010.11.26"]
[SourceVersion "1"]
[SourceVersionDate "2010.11.26"]
[SourceQuality "1"]
[WhiteTeam "BEAC"]
[BlackTeam "Haladas"]
[WhiteTeamCountry "HUN"]
[BlackTeamCountry "HUN"]

1. e4 c5 2. Nf3 d6 3. d4 cxd4 4. Nxd4 Nf6 5. Nc3 g6 6. g3 Bg7 7. Bg2 0-0 8. 0-0 Bd7 9. h3 Nc6 10. Nde2 Rc8 11. Nf4 Ne5 12. Ncd5 b5 13. Rb1 a5 14. b3 Nxd5 15. Nxd5 Be6 16. Ne3 Nc6 17. Bb2 Bxb2 18. Rxb2 Qb6 19. Qd2 b4 20. Rd1 Na7 21. Bf1 Nb5 22. Bxb5 Qxb5 23. Rbb1 Bxh3 24. Nd5 Qb7 25. Qh6 Be6 26. Kg2 Bxd5 27. Rxd5 f5 0-1

[Event "HUN-chT 0910"]
[Site "Hungary"]
[Date "2009.11.22"]
[Round "2"]
[White "Simai, Mate"]
[Black "Domany, Zsofia"]
[Result "1-0"]
[WhiteElo "2105"]
[BlackElo "2195"]
[PlyCount "79"]
[EventDate "2009.11.08"]
[EventType "team-tourn"]
[EventRounds "11"]
[EventCountry "HUN"]
[SourceTitle "EXT 2011"]
[Source "ChessBase"]
[SourceDate "2010.11.26"]
[SourceVersion "1"]
[SourceVersionDate "2010.11.26"]
[SourceQuality "1"]
[WhiteTeam "BEAC"]
[BlackTeam "Mako"]
[WhiteTeamCountry "HUN"]
[BlackTeamCountry "HUN"]

1. e4 c5 2. Nf3 e6 3. d4 cxd4 4. Nxd4 Nf6 5. Nc3 d6 6. Be3 a6 7. f3 b5 8. Qd2 b4 9. Nce2 e5 10. Nb3 Nc6 11. c4 Be6 12. Ng3 h5 13. Bd3 a5 14. Qf2 Nd7 15. Rd1 Rc8 16. 0-0 h4 17. Ne2 g5 18. Nbc1 Ne7 19. Bxg5 f6 20. Be3 Ng6 21. b3 Qe7 22. f4 exf4 23. Nxf4 Nge5 24. Bd4 Qf7 25. Nce2 Ng4 26. Qe1 Bh6 27. Nxe6 Qxe6 28. Nf4 Qg8 29. Nd5 Bg5 30. h3 Nge5 31. Bxe5 dxe5 32. Be2 Rc6 33. Bg4 Nc5 34. a3 Qh7 35. axb4 Nxe4 36. b5 Rd6 37. Bf5 Qa7+ 38. b6 Rxb6 39. Qxe4 Rxb3+ 40. Kh1 1-0

[Event "HUN-chT U18"]
[Site "Miskolc"]
[Date "2009.10.30"]
[Round "8.4"]
[White "Simai, Mate"]
[Black "Bagi, Mate"]
[Result "1-0"]
[WhiteElo "2105"]
[BlackElo "2127"]
[PlyCount "121"]
[EventDate "2009.10.26"]
[EventType "team-swiss"]
[EventRounds "8"]
[EventCountry "HUN"]
[SourceTitle "EXT 2016"]
[Source "ChessBase"]
[SourceDate "2015.10.08"]
[SourceVersion "1"]
[SourceVersionDate "2015.10.08"]
[SourceQuality "1"]

1. e4 e5 2. Nf3 Nc6 3. Bb5 a6 4. Ba4 Nf6 5. 0-0 Be7 6. Nc3 b5 7. Bb3 d6 8. d3 Na5 9. h3 0-0 10. Be3 Bb7 11. Qd2 Nxb3 12. axb3 c5 13. Ne2 Qc7 14. c4 Ne8 15. Ng3 g6 16. Nh2 h5 17. f4 exf4 18. Bxf4 Bf6 19. Bh6 Bd4+ 20. Kh1 Ng7 21. Nf3 Bf6 22. Bg5 Qe7 23. Bxf6 Qxf6 24. Qh6 Ne6 25. Nxh5 Qh8 26. Qxh8+ Kxh8 27. Nf6 Kg7 28. Nd5 Bxd5 29. cxd5 Nf4 30. Rad1 Ne2 31. Kh2 Nd4 32. Nxd4 cxd4 33. Rc1 Rfc8 34. Rc6 Rxc6 35. dxc6 Rc8 36. Rc1 Kf6 37. Kg3 Ke6 38. Kf4 f6 39. h4 Ke7 40. b4 Rc7 41. g4 Kf7 42. g5 Kg7 43. gxf6+ Kxf6 44. e5+ dxe5+ 45. Ke4 Ke6 46. Rc5 Kd6 47. Rd5+ Ke6 48. Rxe5+ Kd6 49. Rc5 Rh7 50. Kxd4 Kc7 51. Ke5 Rh8 52. d4 Rh5+ 53. Ke6 Rxh4 54. d5 Re4+ 55. Kf6 Rxb4 56. Ke5 Rxb2 57. d6+ Kc8 58. d7+ Kc7 59. Rd5 Re2+ 60. Kf6 Rf2+ 61. Kg7 1-0

[Event "HUN-chT U18"]
[Site "Miskolc"]
[Date "2009.10.29"]
[Round "7.6"]
[White "Genda, Karoly"]
[Black "Simai, Mate"]
[Result "1/2-1/2"]
[WhiteElo "1961"]
[BlackElo "2105"]
[PlyCount "77"]
[EventDate "2009.10.26"]
[EventType "team-swiss"]
[EventRounds "8"]
[EventCountry "HUN"]
[SourceTitle "EXT 2016"]
[Source "ChessBase"]
[SourceDate "2015.10.08"]
[SourceVersion "1"]
[SourceVersionDate "2015.10.08"]
[SourceQuality "1"]

1. e4 c5 2. Nf3 Nc6 3. d4 cxd4 4. Nxd4 Nf6 5. Nc3 e5 6. Ndb5 d6 7. Bg5 a6 8. Na3 b5 9. Nd5 Be7 10. Bxf6 Bxf6 11. c3 0-0 12. Nc2 Bg5 13. a4 bxa4 14. Rxa4 a5 15. Bc4 Rb8 16. b3 Kh8 17. Nce3 g6 18. 0-0 f5 19. exf5 gxf5 20. f4 exf4 21. Nxf4 Qb6 22. Qf3 Re8 23. Re1 Rxe3 24. Qxe3 Qxe3+ 25. Rxe3 Bxf4 26. Re8+ Kg7 27. Bd5 Bd7 28. Rxb8 Be3+ 29. Kf1 Nxb8 30. Rxa5 Kf6 31. Ke2 Bg5 32. Ra7 Ke5 33. c4 Bc6 34. Bxc6 Nxc6 35. Rxh7 Nd4+ 36. Kf2 Nxb3 37. h4 Bc1 38. h5 Nc5 39. Kf3 1/2-1/2

[Event "HUN-chT U18"]
[Site "Miskolc"]
[Date "2009.10.27"]
[Round "2.10"]
[White "Simai, Mate"]
[Black "Szabo, Richard"]
[Result "0-1"]
[WhiteElo "2105"]
[BlackElo "2132"]
[PlyCount "64"]
[EventDate "2009.10.26"]
[EventType "team-swiss"]
[EventRounds "8"]
[EventCountry "HUN"]
[SourceTitle "EXT 2016"]
[Source "ChessBase"]
[SourceDate "2015.10.08"]
[SourceVersion "1"]
[SourceVersionDate "2015.10.08"]
[SourceQuality "1"]

1. e4 e6 2. d4 d5 3. Nc3 Bb4 4. e5 b6 5. a3 Bf8 6. Nf3 Ba6 7. Bxa6 Nxa6 8. Qd3 Nb8 9. b4 Qd7 10. Be3 Ne7 11. 0-0 Ng6 12. h4 h5 13. Ne2 Be7 14. g3 c5 15. bxc5 bxc5 16. dxc5 Nc6 17. Qc3 Qc7 18. Ned4 Ngxe5 19. Bf4 Nxf3+ 20. Nxf3 Qd8 21. Rab1 0-0 22. Rb7 d4 23. Qd3 Qd5 24. Rfb1 e5 25. Rxe7 Nxe7 26. Nxe5 Ng6 27. Nxg6 fxg6 28. Rb4 Rae8 29. Be3 Rxe3 30. fxe3 Qf3 31. Kh2 Qf2+ 32. Kh3 Rf3 0-1

[Event "Eger Tel op"]
[Site "Eger"]
[Date "2009.01.31"]
[Round "4"]
[White "Simai, Mate"]
[Black "Balogh, Pal"]
[Result "1-0"]
[WhiteElo "2101"]
[BlackElo "1966"]
[PlyCount "65"]
[EventDate "2009.01.29"]
[EventType "swiss"]
[EventRounds "7"]
[EventCountry "HUN"]
[SourceTitle "EXT 2011"]
[Source "ChessBase"]
[SourceDate "2010.11.26"]
[SourceVersion "1"]
[SourceVersionDate "2010.11.26"]
[SourceQuality "1"]

1. d4 Nf6 2. Nf3 g6 3. Nc3 Bg7 4. e4 d6 5. Be3 0-0 6. Qd2 e5 7. 0-0-0 Nc6 8. Bc4 Bg4 9. d5 Bxf3 10. gxf3 Ne7 11. Bh6 Nh5 12. Ne2 f5 13. Bxg7 Nxg7 14. f4 fxe4 15. fxe5 Rxf2 16. Qd4 Qf8 17. Qxe4 Qf3 18. Qxf3 Rxf3 19. Nd4 Rf4 20. exd6 cxd6 21. Bb3 a6 22. Ne6 Rf2 23. Rdf1 Rxf1+ 24. Rxf1 Ngf5 25. Rf4 Rc8 26. Rb4 b5 27. a4 Ne3 28. axb5 N7xd5 29. Nf4 Rxc2+ 30. Kb1 Rd2 31. Nxd5 Nxd5 32. Bxd5+ Rxd5 33. b6 1-0

[Event "HUN-chT U18"]
[Site "Miskolc"]
[Date "2008.10.28"]
[Round "2.1"]
[White "Simai, Mate"]
[Black "Pap, Gyula"]
[Result "0-1"]
[WhiteElo "2080"]
[BlackElo "2467"]
[PlyCount "46"]
[EventDate "2008.10.27"]
[EventType "team-swiss"]
[EventRounds "8"]
[EventCountry "HUN"]
[SourceTitle "EXT 2016"]
[Source "ChessBase"]
[SourceDate "2015.10.08"]
[SourceVersion "1"]
[SourceVersionDate "2015.10.08"]
[SourceQuality "1"]

1. e4 e6 2. d4 d5 3. exd5 exd5 4. Nf3 Nc6 5. Bd3 Bd6 6. 0-0 Nge7 7. h3 Nb4 8. Re1 Nxd3 9. Qxd3 0-0 10. Bg5 f6 11. Be3 c6 12. c4 Bf5 13. Qb3 Qd7 14. c5 Bc7 15. Qc3 g5 16. Nbd2 Ng6 17. b4 Rae8 18. a4 Kh8 19. Nf1 Bxh3 20. g3 Bxf1 21. Rxf1 Qh3 22. Ra2 g4 23. Ne1 Nh4 0-1

[Event "Nyiregyhaza op"]
[Site "Nyiregyhaza"]
[Date "2008.07.25"]
[Round "5"]
[White "Kaposztas, Miklos"]
[Black "Simai, Mate"]
[Result "1/2-1/2"]
[WhiteElo "2261"]
[BlackElo "2101"]
[PlyCount "30"]
[EventDate "2008.07.23"]
[EventType "swiss"]
[EventRounds "7"]
[EventCountry "HUN"]
[SourceTitle "EXT 2009"]
[Source "ChessBase"]
[SourceDate "2008.11.26"]
[SourceVersion "1"]
[SourceVersionDate "2008.11.26"]
[SourceQuality "1"]

1. c4 c6 2. d4 d5 3. Nc3 Nf6 4. Nf3 a6 5. c5 Nbd7 6. Bf4 Nh5 7. Be3 g6 8. Qd2 Bg7 9. Bh6 0-0 10. Bxg7 Kxg7 11. e3 Qc7 12. Be2 Nhf6 13. 0-0 e5 14. dxe5 Nxe5 15. Qd4 Re8 1/2-1/2

[Event "Eger Tavasz op"]
[Site "Eger"]
[Date "2008.05.03"]
[Round "4"]
[White "Simai, Mate"]
[Black "Csirik, Andras"]
[Result "0-1"]
[WhiteElo "2107"]
[BlackElo "2225"]
[PlyCount "82"]
[EventDate "2008.05.01"]
[EventType "swiss"]
[EventRounds "7"]
[EventCountry "HUN"]
[SourceTitle "EXT 2011"]
[Source "ChessBase"]
[SourceDate "2010.11.26"]
[SourceVersion "1"]
[SourceVersionDate "2010.11.26"]
[SourceQuality "1"]

1. e4 c6 2. d4 d5 3. Nd2 dxe4 4. Nxe4 Bf5 5. Ng3 Bg6 6. h4 h6 7. Nf3 Nd7 8. h5 Bh7 9. Bd3 Bxd3 10. Qxd3 e6 11. Bd2 Ngf6 12. 0-0-0 Be7 13. Ne4 Nxe4 14. Qxe4 Nf6 15. Qe2 Qd5 16. Kb1 0-0 17. g4 Nxg4 18. Rdg1 f5 19. Ne5 Nxe5 20. Qxe5 Bf6 21. Qxd5 exd5 22. Bxh6 Bxd4 23. Rg2 Kh7 24. Bf4 Rae8 25. Rhg1 Re4 26. h6 g6 27. Bc1 Rf6 28. c3 Bb6 29. f3 Re8 30. Rd1 Rfe6 31. b4 Be3 32. Kc2 Bxc1 33. Rxc1 Re2+ 34. Rxe2 Rxe2+ 35. Kd3 Rxa2 36. Re1 Kxh6 37. Re7 f4 38. Rxb7 Rf2 39. Rxa7 Rxf3+ 40. Kd2 Rf2+ 41. Kd1 f3 0-1

[Event "HUN-chT2 Maroczy 0708"]
[Site "Hungary"]
[Date "2008.03.30"]
[Round "9"]
[White "Virag, Ferenc"]
[Black "Simai, Mate"]
[Result "1/2-1/2"]
[WhiteElo "2191"]
[BlackElo "2124"]
[PlyCount "26"]
[EventDate "2007.10.14"]
[EventType "team"]
[EventRounds "11"]
[EventCountry "HUN"]
[SourceTitle "EXT 2009"]
[Source "ChessBase"]
[SourceDate "2008.11.26"]
[SourceVersion "1"]
[SourceVersionDate "2008.11.26"]
[SourceQuality "1"]
[WhiteTeam "Penzugyor"]
[BlackTeam "Sarospatak"]
[WhiteTeamCountry "HUN"]
[BlackTeamCountry "HUN"]

1. c4 c6 2. Nc3 d5 3. d4 Nf6 4. cxd5 cxd5 5. Nf3 Nc6 6. Bg5 Ne4 7. Bd2 Nxc3 8. Bxc3 Bf5 9. Qb3 Qd7 10. e3 e6 11. Ne5 Nxe5 12. dxe5 a6 13. a4 Be7 1/2-1/2

[Event "Eger Tel op"]
[Site "Eger"]
[Date "2008.01.27"]
[Round "7"]
[White "Horvath, Zoltan2222"]
[Black "Simai, Mate"]
[Result "0-1"]
[WhiteElo "2025"]
[BlackElo "2121"]
[PlyCount "86"]
[EventDate "2008.01.24"]
[EventType "swiss"]
[EventRounds "7"]
[EventCountry "HUN"]
[SourceTitle "EXT 2011"]
[Source "ChessBase"]
[SourceDate "2010.11.26"]
[SourceVersion "1"]
[SourceVersionDate "2010.11.26"]
[SourceQuality "1"]

1. e4 c5 2. f4 Nc6 3. Nf3 g6 4. d3 Bg7 5. c3 e6 6. Be2 Nge7 7. Be3 b6 8. Nbd2 d5 9. e5 Nf5 10. Bf2 h5 11. d4 Qe7 12. 0-0 Bb7 13. Nb3 c4 14. Nbd2 b5 15. Ng5 a5 16. Ndf3 0-0 17. Nh4 b4 18. Nxf5 exf5 19. Bxh5 gxh5 20. Qxh5 Rfb8 21. Bh4 Qe8 22. Nh7 f6 23. Qxf5 Bc8 24. Nxf6+ Bxf6 25. Qxf6 Ra7 26. Qd6 Rg7 27. Qxd5+ Be6 28. Qf3 Qf7 29. Rf2 Bd5 30. Qe3 bxc3 31. bxc3 Qf5 32. Re1 Rb1 33. Bg5 Rgb7 34. Rfe2 Rxe1+ 35. Rxe1 Rb2 36. Re2 Qb1+ 37. Kf2 Rxa2 38. e6 Rxe2+ 39. Qxe2 Qe4 40. Qxe4 Bxe4 41. Ke3 a4 42. Kd2 a3 43. Kc1 Na5 0-1

[Event "Eger Tel op"]
[Site "Eger"]
[Date "2008.01.27"]
[Round "6"]
[White "Simai, Mate"]
[Black "Meszaros, Andras"]
[Result "0-1"]
[WhiteElo "2121"]
[BlackElo "2304"]
[PlyCount "56"]
[EventDate "2008.01.24"]
[EventType "swiss"]
[EventRounds "7"]
[EventCountry "HUN"]
[SourceTitle "EXT 2011"]
[Source "ChessBase"]
[SourceDate "2010.11.26"]
[SourceVersion "1"]
[SourceVersionDate "2010.11.26"]
[SourceQuality "1"]

1. e4 c5 2. Nf3 Nc6 3. d4 cxd4 4. Nxd4 g6 5. Nc3 Bg7 6. Be3 Nf6 7. Qd2 0-0 8. Bc4 Ng4 9. 0-0-0 Nxe3 10. fxe3 Ne5 11. Bb3 d6 12. Rdf1 Bd7 13. Nf3 b5 14. Nxe5 Bxe5 15. g4 a5 16. h4 a4 17. Bd5 Rc8 18. h5 g5 19. a3 e6 20. Ba2 b4 21. axb4 a3 22. Nd1 axb2+ 23. Nxb2 Ra8 24. Kb1 Qc7 25. c4 Ra3 26. Nd3 Rfa8 27. Nc1 Ba4 28. Qe2 Qb7 0-1

[Event "HUN-chT2 Maroczy 0607"]
[Site "Hungary"]
[Date "2007.04.29"]
[Round "9"]
[White "Simai, Mate"]
[Black "Karolyfalvi, Zoltan"]
[Result "1-0"]
[WhiteElo "2098"]
[BlackElo "2189"]
[PlyCount "51"]
[EventDate "2006.11.12"]
[EventType "team"]
[EventRounds "11"]
[EventCountry "HUN"]
[SourceTitle "EXT 2008"]
[Source "ChessBase"]
[SourceDate "2007.11.25"]
[SourceVersion "1"]
[SourceVersionDate "2007.11.25"]
[SourceQuality "1"]
[WhiteTeam "Sarospatak"]
[BlackTeam "Kazincbarcika"]
[WhiteTeamCountry "HUN"]
[BlackTeamCountry "HUN"]

1. e4 c6 2. d4 g6 3. Nf3 d6 4. Nc3 Bg7 5. Be3 Nf6 6. Qd2 0-0 7. Bh6 Nbd7 8. h4 Qa5 9. Bxg7 Kxg7 10. h5 Re8 11. hxg6 fxg6 12. Qh6+ Kg8 13. Bc4+ e6 14. 0-0-0 Nf8 15. e5 dxe5 16. dxe5 Ng4 17. Qf4 h5 18. Ne4 Qc7 19. Nd6 Re7 20. Nh4 Bd7 21. Be2 Qa5 22. Bxg4 hxg4 23. Ne4 Nh7 24. Nxg6 Rg7 25. Nf6+ Nxf6 26. Rh8+ 1-0

[Event "HUN-chT2 Maroczy 0607"]
[Site "Hungary"]
[Date "2006.11.26"]
[Round "2"]
[White "Simai, Mate"]
[Black "Lorinc, Sandor"]
[Result "1-0"]
[WhiteElo "2098"]
[BlackElo "2163"]
[PlyCount "117"]
[EventDate "2006.11.12"]
[EventType "team"]
[EventRounds "11"]
[EventCountry "HUN"]
[SourceTitle "EXT 2008"]
[Source "ChessBase"]
[SourceDate "2007.11.25"]
[SourceVersion "1"]
[SourceVersionDate "2007.11.25"]
[SourceQuality "1"]
[WhiteTeam "Sarospatak"]
[BlackTeam "Koeszolg"]
[WhiteTeamCountry "HUN"]
[BlackTeamCountry "HUN"]

1. e4 c5 2. Nf3 e6 3. d4 cxd4 4. Nxd4 a6 5. c4 Nf6 6. Nc3 Qc7 7. a3 Nc6 8. Be3 Ne5 9. Rc1 Neg4 10. Bg5 h6 11. Bh4 Be7 12. Be2 Ne5 13. Bg3 d6 14. 0-0 0-0 15. b4 Rd8 16. Qb3 Bd7 17. f4 Nc6 18. Nf3 Nh5 19. Rfd1 Nxg3 20. hxg3 Bf6 21. Na4 b5 22. cxb5 axb5 23. Nc3 Qb6+ 24. Kh2 Ne7 25. Rc2 Ng6 26. Rcd2 Be8 27. Nd4 e5 28. Nd5 Qb7 29. Nf5 exf4 30. gxf4 Nxf4 31. Nxf6+ gxf6 32. Qg3+ Ng6 33. Nxh6+ Kf8 34. Rxd6 Rxd6 35. Qxd6+ Qe7 36. Qd3 Qe5+ 37. Kg1 Nf4 38. Qe3 Bc6 39. Bf3 Ne6 40. Nf5 Ng5 41. Qb6 Bxe4 42. Rd8+ Rxd8 43. Qxd8+ Qe8 44. Qxe8+ Kxe8 45. Nd6+ Ke7 46. Nxe4 Ne6 47. Nc3 Nd4 48. Be2 Ke6 49. Kf2 Ke5 50. Nxb5 Nc2 51. Bc4 f5 52. Bxf7 f4 53. Bb3 Ne3 54. a4 Ng4+ 55. Ke2 Ne3 56. g3 Ng2 57. gxf4+ Nxf4+ 58. Kd2 Ke4 59. a5 1-0

[Event "HUN-chT2 Maroczy 0506"]
[Site "Hungary"]
[Date "2006.04.09"]
[Round "10"]
[White "Somodi, Krisztian"]
[Black "Simai, Mate"]
[Result "1/2-1/2"]
[WhiteElo "1994"]
[BlackElo "1990"]
[PlyCount "87"]
[EventDate "2005.10.16"]
[EventType "team"]
[EventRounds "11"]
[EventCountry "HUN"]
[SourceTitle "EXT 2009"]
[Source "ChessBase"]
[SourceDate "2008.11.26"]
[SourceVersion "1"]
[SourceVersionDate "2008.11.26"]
[SourceQuality "1"]
[WhiteTeam "Teva"]
[BlackTeam "Sarospatak"]
[WhiteTeamCountry "HUN"]
[BlackTeamCountry "HUN"]

1. e4 c5 2. Nc3 Nc6 3. g3 e6 4. Bg2 Nf6 5. d3 Be7 6. f4 d5 7. e5 Nd7 8. Nf3 f6 9. 0-0 Qc7 10. Kh1 0-0 11. d4 a6 12. Ne2 b5 13. c3 a5 14. Be3 c4 15. Qc2 f5 16. h3 g6 17. g4 Rf7 18. Rf2 Kf8 19. Rg1 Ke8 20. gxf5 gxf5 21. Ng5 Bxg5 22. fxg5 Nf8 23. Bf3 Ng6 24. Bh5 Nce7 25. h4 Bd7 26. Bxg6 hxg6 27. Nf4 Rh7 28. Rh2 Kf7 29. Kg2 Rah8 30. Rgh1 Kg7 31. Kf3 Rh5 32. Nxh5+ Rxh5 33. Bf4 Bc6 34. Kg3 Nc8 35. Rb1 Nb6 36. Kf2 Qd7 37. Qd2 Qc7 38. Rf1 Qd7 39. Bg3 Qc7 40. Qe2 Qd7 41. Rh3 Qc7 42. Kg1 Qf7 43. Rf2 Kg8 44. Rf1 1/2-1/2

[Event "HUN-chT2 Maroczy 0506"]
[Site "Hungary"]
[Date "2006.02.26"]
[Round "8"]
[White "Simai, Mate"]
[Black "Varadi, Alexandra"]
[Result "1/2-1/2"]
[WhiteElo "1990"]
[BlackElo "1969"]
[PlyCount "124"]
[EventDate "2005.10.16"]
[EventType "team"]
[EventRounds "11"]
[EventCountry "HUN"]
[SourceTitle "EXT 2009"]
[Source "ChessBase"]
[SourceDate "2008.11.26"]
[SourceVersion "1"]
[SourceVersionDate "2008.11.26"]
[SourceQuality "1"]
[WhiteTeam "Sarospatak"]
[BlackTeam "Edeleny"]
[WhiteTeamCountry "HUN"]
[BlackTeamCountry "HUN"]

1. e4 c6 2. d4 d5 3. Nd2 dxe4 4. Nxe4 Nd7 5. Ng5 e6 6. Bd3 Ngf6 7. N1f3 h6 8. Ne4 Nxe4 9. Bxe4 Nf6 10. Bd3 b6 11. Qe2 Bd6 12. Bd2 Bb7 13. 0-0-0 Qc7 14. Ne5 0-0-0 15. Ba6 Nd5 16. Bxb7+ Kxb7 17. c4 Nb4 18. Kb1 Bxe5 19. dxe5 Nd3 20. Bc3 Nf4 21. Qe4 Ng6 22. Rde1 Qe7 23. h4 h5 24. b4 Kc7 25. g3 Qd7 26. Kc2 Ne7 27. Rd1 Qc8 28. b5 cxb5 29. Bb4 Nf5 30. cxb5 Qb7 31. Bd6+ Nxd6 32. exd6+ Kb8 33. Qe5 g6 34. Kb2 Rhf8 35. Rhe1 Rd7 36. Rd3 Rfd8 37. Rc1 Qg2 38. Rd2 Qh3 39. Rc3 Qg4 40. a3 Qf5 41. Qxf5 gxf5 42. Rc6 Rg8 43. Kb3 e5 44. Kc4 Rg4+ 45. Kd5 f4 46. Rd3 e4 47. Rdc3 e3 48. gxf4 e2 49. Re3 Rxf4 50. Rxe2 Rf5+ 51. Re5 Rxf2 52. Re8+ Kb7 53. Re7 Rd2+ 54. Ke5 R2xd6 55. Rxd7+ Rxd7 56. Rh6 Rc7 57. Kf6 Rc5 58. a4 a6 59. bxa6+ Kxa6 60. Kxf7 Ka5 61. Kg6 Kxa4 62. Rxh5 Rxh5 1/2-1/2